Growing up in the kibbutz /

Bibliographic Details
Main Author: Rabin, Albert I.
Corporate Author: SpringerLink (Online service)
Format: eBook
Language:English
Published: New York, N.Y. : Springer, 1965.
Subjects:
Online Access:Connect to the full text of this electronic book

MARC

Tag First Indicator Second Indicator Subfields
LEADER 00000cam a2200000Ki 4500
001 in00003553039
006 m o d
007 cr cnu---unuuu
008 140711s1965 nyu o 000 0 eng d
005 20260420205718.7
020 |a 9783662400807 (electronic bk.) 
020 |a 3662400804 (electronic bk.) 
024 7 |a 10.1007/978-3-662-40080-7  |2 doi 
035 |a (OCoLC)883391137 
040 |a GW5XE  |b eng  |e rda  |e pn  |c GW5XE  |d UtOrBLW 
043 |a a-is--- 
049 |a TXAM 
050 4 |a HQ792.I7 
082 0 4 |a 155.4182  |2 22 
084 |a CQ 6000  |2 rvk 
100 1 |a Rabin, Albert I. 
245 1 0 |a Growing up in the kibbutz /  |c A.I. Rabin. 
264 1 |a New York, N.Y. :  |b Springer,  |c 1965. 
300 |a 1 online resource (IX, 230 pages) 
336 |a text  |b txt  |2 rdacontent 
337 |a computer  |b c  |2 rdamedia 
338 |a online resource  |b cr  |2 rdacarrier 
588 |a Description based on print version record. 
650 0 |a Child development  |z Israel. 
650 0 |a Kibbutzim. 
650 0 |a Collective education  |z Israel. 
650 0 7 |a Entwicklung.  |2 swd 
650 0 7 |a Kibbuz.  |2 swd 
650 0 7 |a Kind.  |2 swd 
650 7 |a Child development.  |2 fast  |0 (OCoLC)fst00854393 
650 7 |a Collective education.  |2 fast  |0 (OCoLC)fst00867360 
650 7 |a Kibbutzim.  |2 fast  |0 (OCoLC)fst00987277 
651 7 |a Israel.  |2 fast  |0 (OCoLC)fst01204236 
655 7 |a Electronic books.  |2 local 
710 2 |a SpringerLink (Online service) 
776 1 8 |i Print version:  |a Rabin, Albert I.  |t Growing up in the kibbutz  |z 9783662390993  |w (OCoLC)153199528 
856 4 0 |u http://proxy.library.tamu.edu/login?url=https://link.springer.com/10.1007/978-3-662-40080-7  |z Connect to the full text of this electronic book  |t 0 
994 |a 92  |b TXA 
999 |a MARS 
999 f f |s e8fc0485-0049-32f0-8a58-c7b0070756e0  |i 54a4727a-91b8-3282-aa83-e0ae2b3c7263  |t 0 
952 f f |a Texas A&M University  |b College Station  |c Electronic Resources  |s www_evans  |d Available Online  |t 0  |e HQ792.I7  |h Library of Congress classification 
998 f f |a HQ792.I7  |t 0  |l Available Online